00533nam a2200169 a 4500008004100000020001500041050001500056100002400071245007300095260003700168300002400205350000900229490005100238500002900289650002400318650002100342060316s1974 ||||||||||||||||| || u a0126270503 aT 57.6 Sch aSchmidt, J. William10aMathematical foundations for management science and systems analysis aNew York :bAcademic Pressc1974 axiii, 581 p. illus. a0.00 aOperations research and industrial engineering aIncludes bibliographies. 0aOPERATIONS RESEARCH aSYSTEMS ANALYSIS